| 000 | 00497nam a22001697a 4500 | ||
|---|---|---|---|
| 005 | 20251108164208.0 | ||
| 008 | 250721s2001 xx 000 0 ara d | ||
| 082 | 1 | 4 | _a351/جرا |
| 100 | 1 | _aجراد، خليل | |
| 245 | 1 | 0 | _aكيف و متى تكسب الثروة و الأصدقاء ... / |
| 264 | 1 |
_aعمان : _bمركز الكتاب، _c2001. |
|
| 300 | _a118ص | ||
| 650 | 1 | 7 | _aالإدارة العامة |
| 650 | 1 | 7 | _aالعلوم السياسية |
| 942 |
_2ddc _cBK |
||
| 999 |
_c6059 _d6059 |
||